Historia de la música Codex

保存先:
書誌詳細
フォーマット: 図書
言語:スペイン語
出版事項: Madrid Codex 1965
主題:
タグ: タグ追加
タグなし, このレコードへの初めてのタグを付けませんか!

MARC

LEADER 00000nam a2200000 a 4500
001 UCN1115
003 CL-VaPUC
005 20240604092713.0
008 010420e19650000SP |||||||||||||||||spa|d
999 |c 294692  |d 294690 
040 |c Pontificia Universidad Católica de Valparaíso 
082 0 4 |a 780.9  |b HIS  |2 21 
245 1 0 |a Historia de la música Codex 
260 |a Madrid  |b Codex  |c 1965 
300 |a 5 v 
500 |a v.1: Desde los orígenes hasta Mozart 
500 |a v.2: Desde la ópera de 1700 hasta Mendelssohn 
500 |a v.3: Desde Chopin a la ópera de 1800 
500 |a v.4: Europa del 1800 y música del 1900 
500 |a v.5: La música contemporánea, el jazz 
500 |a ind.: Indices generales. Indice temático por volúmenes; índice analítico de la obra 
583 |a last modification  |c 20010420 00:00:00  |k Rodrigo Vera 
650 0 |a Historia de la música  |2 CL-VaPUC  |9 306741 
650 0 |a Biobibliografías  |9 412305 
650 0 |a Músicos  |9 306340 
650 0 |a Compositores  |9 306451 
650 0 |a Música primitiva  |9 456513 
650 0 |a Música antigua  |9 391245 
650 0 |a Música medieval  |9 391244 
650 0 |a Música renacentista  |9 391249 
650 0 |a Música contemporánea  |9 306742 
650 0 |a Música popular  |9 356085 
942 |c BK  |2 ddc 
945 |d 20010420 00:00:00  |a crobeson 
952 |0 0  |1 0  |4 0  |6 780_900000000000000_HIS_1965  |7 0  |8 F  |9 347376  |a BIBEDU  |b BIBEDU  |d 2019-11-20  |h v.1  |i 1248103  |o 780.9 HIS 1965  |p 1248103  |r 2023-01-12  |w 2019-11-20  |y BK_F  |k MUS 
952 |0 0  |1 0  |4 0  |6 780_900000000000000_HIS_1965  |7 0  |8 F  |9 347377  |a BIBEDU  |b BIBEDU  |d 2019-11-20  |h v.2  |i 1248111  |o 780.9 HIS 1965  |p 1248111  |r 2023-01-12  |w 2019-11-20  |y BK_F  |k MUS 
952 |0 0  |1 0  |4 0  |6 780_900000000000000_HIS_1965  |7 0  |8 F  |9 347378  |a BIBEDU  |b BIBEDU  |d 2019-11-20  |h v.3  |i 124812K  |o 780.9 HIS 1965  |p 124812K  |r 2023-01-12  |w 2019-11-20  |y BK_F  |k MUS 
952 |0 0  |1 0  |4 0  |6 780_900000000000000_HIS_1965  |7 0  |8 F  |9 347379  |a BIBEDU  |b BIBEDU  |d 2019-11-20  |h v.4  |i 1248138  |o 780.9 HIS 1965  |p 1248138  |r 2023-01-12  |w 2019-11-20  |y BK_F  |k MUS 
952 |0 0  |1 0  |4 0  |6 780_900000000000000_HIS_1965  |7 0  |8 F  |9 347380  |a BIBEDU  |b BIBEDU  |d 2019-11-20  |h v.5  |i 1248146  |l 1  |o 780.9 HIS 1965  |p 1248146  |r 2023-01-12  |s 2022-06-15  |w 2019-11-20  |y BK_F  |k MUS 
952 |0 0  |1 0  |4 0  |6 780_900000000000000_HIS_1965  |7 0  |8 F  |9 347381  |a BIBEDU  |b BIBEDU  |d 2019-11-20  |h supl  |i 1248154  |o 780.9 HIS 1965  |p 1248154  |r 2023-01-12  |w 2019-11-20  |y BK_F  |k MUS